|
|
|
|
| LEADER |
00000nab#a22000007a#4500 |
| 001 |
arbauad021762 |
| 003 |
AR-BaUAD |
| 005 |
20250711111853.0 |
| 008 |
960913|||||||||###||||||b###|0###a|spa|| |
| 040 |
|
|
|a AR-BaUAD
|c AR-BaUAD
|b spa
|
| 245 |
1 |
0 |
|a Antonio Monestiroli
|b quinto ampliamento del Cimitero Maggiore di Voghera
|
| 300 |
0 |
|
|b cortes, fot., plantas, planos, vistas
|
| 653 |
|
|
|a MONESTIROLI, ANTONIO
|
| 653 |
|
|
|a AMPLIACION
|
| 653 |
|
|
|a CEMENTERIOS
|
| 653 |
|
|
|a ITALIA
|
| 773 |
0 |
|
|t Casabella
|g no. 635 [jun. 1996], p. 32-39
|
| 942 |
|
|
|c ARTI
|
| 952 |
|
|
|0 0
|1 0
|4 0
|7 0
|9 66681
|a AR-BAuAD
|b AR-BAuAD
|d 2025-07-11
|l 0
|p AAQA021762
|r 2025-07-11 11:18:53
|w 2025-07-11
|y ARTI
|
| 990 |
|
|
|a AQ199
|b TD
|
| 998 |
|
|
|a AAQ
|b BIBUN76
|
| 999 |
|
|
|c 46354
|d 46354
|